00828nam a22001937a 4500008004100000040001800041041000800059245016300067260006900230300001800299500008300317600004700400600003300447600002800480600004200508650002300550650001700573650004400590130821s1942 ck gr spa  aCo-BoUCMbspa00aspa03aLa iglesia y los obrerosblas dos ureas encíclicas Rerum Novarum y Quadragesimo Anno de León XIII y Pío XI sobre cuestiones socialescIglesia católica aBogotá (Colombia)bEl Mensajero del Corazón de Jesúsc1842 a149 páginas aIncluye índice. -- Este libro se encuentra en el depósito de la biblioteca aLeón XIIIcPapad1810-1903xEncíclicas aLeón XIIIcPapad1857-1939 aPio XIcPapad1857-1939 aPio XIcPapad1857-1939xEncíclicas04aCartas pontificias04aEncíclicas04aIglesia Católica y problemas sociales